Giáo trình đại số tuyến tính và hình học giải tích Dùng cho sinh viên các ngành toán học, cơ học, toán tin ứng dụng T.2

Gardado en:
Detalles Bibliográficos
Autor Principal: Trần Trọng Huệ
Formato: Libro
Publicado: H. ĐH Quốc gia 2007
Edición:In lần thứ 3
Những chủ đề:
Các nhãn: Engadir etiqueta
Sen Etiquetas, Sexa o primeiro en etiquetar este rexistro!
Thư viện lưu trữ: Trung tâm Học liệu Lê Vũ Hùng, Trường Đại học Đồng Tháp
LEADER 01042pam a22002898a 4500
001 00020316
005 20171026081023.0
008 110517s2007 ||||||Viesd
020 |c 25000 
041 0 # |a Vie 
082 1 # |a 512  |b GI108TR 
100 0 # |a Trần Trọng Huệ 
245 0 0 |a Giáo trình đại số tuyến tính và hình học giải tích  |b Dùng cho sinh viên các ngành toán học, cơ học, toán tin ứng dụng  |c Trần Trọng Huệ  |n T.2 
250 # # |a In lần thứ 3 
260 # # |a H.  |b ĐH Quốc gia  |c 2007 
300 # # |a 292 tr.  |c 21 cm. 
650 |a Giáo trình 
650 |a Đại số tuyến tính 
650 |a Hình học giải tích 
653 # # |a Toán học 
852 # # |b Kho giáo trình  |j KGT.0004323 
852 # # |b Kho mượn  |j KGT.0004323 
852 # # |b Kho đọc  |j KD.0005762 
852 # # |j KD.0005762  |j KGT.0004323 
910 # # |a nhnam  |d 17/05/2011 
980 # # |a Trung tâm Học liệu Lê Vũ Hùng, Trường Đại học Đồng Tháp